[Event "CZE-chT 2223"]
[Site "Czech Republic"]
[Date "2022.12.03"]
[Round "3.4"]
[White "Novak, Pavel"]
[Black "Rubes, Jan"]
[Result "1/2-1/2"]
[WhiteElo "2391"]
[BlackElo "2395"]
[PlyCount "66"]
[EventDate "2022.10.15"]
[EventType "team-tourn"]
[EventRounds "11"]
[EventCountry "CZE"]
[SourceTitle "CBM 213 Extra"]
[Source "ChessBase"]
[SourceDate "2023.05.31"]
[SourceVersion "1"]
[SourceVersionDate "2023.05.31"]
[SourceQuality "1"]
[WhiteTeam "Ingem Line"]
[BlackTeam "Kromeriz Slavia"]
[WhiteTeamCountry "CZE"]
[BlackTeamCountry "CZE"]

1. e4 c5 2. Nc3 Nc6 3. Bb5 Nd4 4. Bc4 e6 5. Nge2 a6 6. Nxd4 cxd4 7. Ne2 d5 8. exd5 exd5 9. Bb3 Bc5 10. d3 Ne7 11. Nf4 0-0 12. 0-0 Be6 13. Bd2 Qd7 14. h3 Ng6 15. Re1 Nxf4 16. Bxf4 a5 17. a4 Bb4 18. Bd2 Qd6 19. f4 Rae8 20. Bxb4 Qxb4 21. Qf3 Bg4 22. Qf2 Bd7 23. Bxd5 Qxb2 24. Rab1 Rxe1+ 25. Qxe1 Qxc2 26. Rxb7 Qc8 27. Qe4 Bxa4 28. Qxd4 Bc6 29. Rxf7 Rxf7 30. Qc4 Qd7 31. Bxf7+ Qxf7 32. Qxc6 Qxf4 33. Qd5+ Kf8 1/2-1/2

[Event "CZE-chT 2122"]
[Site "Czech Republic"]
[Date "2021.12.18"]
[Round "5.3"]
[White "Novak, Pavel"]
[Black "Burdalev, Kirill"]
[Result "1-0"]
[WhiteElo "2378"]
[BlackElo "2374"]
[PlyCount "105"]
[EventDate "2021.10.15"]
[EventType "team-tourn"]
[EventRounds "15"]
[EventCountry "CZE"]
[SourceTitle "EXT 2023"]
[Source "ChessBase"]
[SourceDate "2022.10.05"]
[SourceVersion "1"]
[SourceVersionDate "2022.10.05"]
[SourceQuality "1"]
[WhiteTeam "Ingem Line"]
[BlackTeam "Praha Dopravni Podnik"]
[WhiteTeamCountry "CZE"]
[BlackTeamCountry "CZE"]

1. e4 e5 2. Nf3 Nc6 3. Nc3 Nf6 4. Bb5 Bb4 5. 0-0 0-0 6. d3 d6 7. Bg5 Bxc3 8. bxc3 Ne7 9. Bxf6 gxf6 10. d4 a6 11. Bd3 Ng6 12. Nd2 Kh8 13. g3 Rg8 14. Kh1 Bh3 15. Re1 Qd7 16. Bf1 Bxf1 17. Nxf1 f5 18. dxe5 Nxe5 19. f4 Ng4 20. Qd4+ Rg7 21. exf5 Qxf5 22. Re2 Qf6 23. Rae1 Qxd4 24. cxd4 f6 25. h3 Nh6 26. g4 Rd7 27. Ng3 Rf8 28. Nh5 Ng8 29. Kg2 d5 30. Kf3 h6 31. f5 Kh7 32. Re8 Rd8 33. R8e6 Rf7 34. R1e3 c6 35. Kf4 Rdf8 36. h4 Rc8 37. Re8 Rf8 38. Rxc8 Rxc8 39. g5 hxg5+ 40. hxg5 fxg5+ 41. Kxg5 c5 42. f6 cxd4 43. Rh3 Nh6 44. Ng7 Rxc2 45. Rxh6+ Kg8 46. Ne6 Rg2+ 47. Kf5 Rf2+ 48. Kg6 d3 49. Ng5 d2 50. Rh1 b5 51. f7+ Kf8 52. Ne6+ Ke7 53. f8Q+ 1-0

[Event "CZE-chT1W 1819"]
[Site "Czech Republic"]
[Date "2019.01.06"]
[Round "5.4"]
[White "Novak, Pavel"]
[Black "Petrova, Kristyna"]
[Result "1-0"]
[WhiteElo "2380"]
[BlackElo "2248"]
[PlyCount "73"]
[EventDate "2018.10.21"]
[EventType "team-tourn"]
[EventRounds "11"]
[EventCountry "CZE"]
[SourceTitle "CBM 188 Extra"]
[Source "ChessBase"]
[SourceDate "2019.02.26"]
[SourceVersion "1"]
[SourceVersionDate "2019.02.26"]
[SourceQuality "1"]
[WhiteTeam "Kozolupy"]
[BlackTeam "Hradec Kralove"]
[WhiteTeamCountry "CZE"]
[BlackTeamCountry "CZE"]

1. e4 c5 2. Nf3 Nc6 3. Bc4 e6 4. Nc3 d6 5. 0-0 a6 6. a3 Be7 7. Re1 Nf6 8. Ba2 Nd4 9. d3 0-0 10. Nxd4 cxd4 11. Ne2 e5 12. c3 dxc3 13. Nxc3 h6 14. d4 Bd7 15. b4 b5 16. Bb2 a5 17. Nd5 axb4 18. axb4 Bc6 19. dxe5 dxe5 20. Bxe5 Bxd5 21. Bxd5 Rxa1 22. Qxa1 Bxb4 23. Rb1 Qe7 24. Bxf6 gxf6 25. Qd4 Bc5 26. Qd2 Kg7 27. Rxb5 Qa7 28. g3 Rb8 29. Rxb8 Qxb8 30. Qd1 Qb2 31. Qg4+ Kh7 32. Qf5+ Kg7 33. Kg2 Bd4 34. Qg4+ Kf8 35. Qd7 Qxf2+ 36. Kh3 Qf1+ 37. Kh4 1-0

[Event "Regionalliga NO 1516"]
[Site "Bayern"]
[Date "2016.03.13"]
[Round "8.1"]
[White "Novak, Pavel"]
[Black "Kilgus, Georg"]
[Result "0-1"]
[WhiteElo "2336"]
[BlackElo "2430"]
[PlyCount "60"]
[EventDate "2015.10.11"]
[EventType "team-tourn"]
[EventRounds "9"]
[EventCountry "GER"]
[SourceTitle "EXT 2018"]
[Source "ChessBase"]
[SourceDate "2017.10.13"]
[SourceVersion "1"]
[SourceVersionDate "2017.10.13"]
[SourceQuality "1"]
[WhiteTeam "Regensburg Turnerschaft"]
[BlackTeam "Regensburg Bavaria"]
[WhiteTeamCountry "GER"]
[BlackTeamCountry "GER"]

1. e4 e5 2. Nf3 Nc6 3. Bc4 Nf6 4. 0-0 Nxe4 5. Nc3 Nxc3 6. dxc3 f6 7. Re1 d6 8. Nd4 g6 9. Qf3 Na5 10. Bb5+ c6 11. Bd3 d5 12. b4 Nc4 13. Bxc4 dxc4 14. Bg5 Be7 15. Rad1 Qd5 16. Qg3 Qf7 17. Bh6 Bf5 18. Nxf5 gxf5 19. Qh3 Qg6 20. Re3 Qg4 21. Qxg4 fxg4 22. Re4 Rg8 23. Rxc4 Rd8 24. Rxd8+ Kxd8 25. Be3 Kd7 26. Re4 Ke6 27. Bxa7 Ra8 28. Bb6 Ra6 29. Bc5 Rxa2 30. g3 f5 0-1

[Event "Regionalliga NO 1516"]
[Site "Bayern"]
[Date "2015.10.25"]
[Round "2.1"]
[White "Zvara, Petr"]
[Black "Novak, Pavel"]
[Result "1/2-1/2"]
[WhiteElo "2333"]
[BlackElo "2336"]
[PlyCount "84"]
[EventDate "2015.10.11"]
[EventType "team-tourn"]
[EventRounds "9"]
[EventCountry "GER"]
[SourceTitle "EXT 2018"]
[Source "ChessBase"]
[SourceDate "2017.10.13"]
[SourceVersion "1"]
[SourceVersionDate "2017.10.13"]
[SourceQuality "1"]
[WhiteTeam "Schwandorf"]
[BlackTeam "Regensburg Turnerschaft"]
[WhiteTeamCountry "GER"]
[BlackTeamCountry "GER"]

1. e4 c5 2. Nf3 Nc6 3. d4 cxd4 4. Nxd4 g6 5. c4 Bg7 6. Nc2 Nf6 7. Nc3 0-0 8. Be2 d6 9. 0-0 Be6 10. Be3 Ne5 11. b3 Rc8 12. f3 Nc6 13. Qd2 Qa5 14. Rac1 Nd7 15. b4 Qd8 16. Nd5 a5 17. a3 axb4 18. axb4 Ra8 19. Nf4 Nb6 20. Nxe6 fxe6 21. f4 d5 22. Bxb6 Qxb6+ 23. c5 Qc7 24. e5 g5 25. g3 gxf4 26. gxf4 Bh6 27. Qe3 Nxe5 28. Qxe5 Qxe5 29. fxe5 Bxc1 30. Rxc1 Rf5 31. b5 Kf7 32. Rf1 Rg8+ 33. Kh1 Rxf1+ 34. Bxf1 Rc8 35. Nd4 Rxc5 36. Bh3 Rc4 37. Bxe6+ Kg6 38. Nf3 Rc5 39. Bd7 Rc7 40. Be6 Rc5 41. Bd7 Rc7 42. Be6 Rc5 1/2-1/2

[Event "CZE-chT2A 1314"]
[Site "Czech Republic"]
[Date "2014.03.02"]
[Round "9.3"]
[White "Falout, Lubos"]
[Black "Novak, Pavel"]
[Result "1-0"]
[WhiteElo "2117"]
[BlackElo "2349"]
[PlyCount "109"]
[EventDate "2013.11.03"]
[EventType "team-tourn"]
[EventRounds "11"]
[EventCountry "CZE"]
[SourceTitle "EXT 2015"]
[Source "ChessBase"]
[SourceDate "2014.11.20"]
[SourceVersion "1"]
[SourceVersionDate "2014.11.20"]
[SourceQuality "1"]
[WhiteTeam "Plzen Letna"]
[BlackTeam "Kozolupy"]
[WhiteTeamCountry "CZE"]
[BlackTeamCountry "CZE"]

1. e4 c5 2. d4 cxd4 3. c3 Nf6 4. e5 Nd5 5. cxd4 d6 6. Nf3 Nc6 7. Be2 g6 8. 0-0 Bg7 9. Re1 0-0 10. exd6 Qxd6 11. Nc3 Bf5 12. Qb3 Ndb4 13. Nb5 Qd8 14. Na3 a5 15. Be3 a4 16. Qd1 Nd5 17. Rc1 Be6 18. Nc4 Nxe3 19. fxe3 Nb4 20. a3 Nd5 21. e4 Nf4 22. d5 Bg4 23. Kh1 b5 24. Ne3 Bd7 25. e5 Qb6 26. Bf1 Rac8 27. g3 Nh3 28. Kg2 Bh6 29. Rxc8 Bxc8 30. Qd4 Qa5 31. Rd1 Ng5 32. Nxg5 Bxg5 33. h4 Bh6 34. Nc2 Bb7 35. Kh2 Bg7 36. Nb4 Rd8 37. Qc5 Qa8 38. Qxe7 Re8 39. Qd7 Bxe5 40. Rd2 Qb8 41. Qg4 Bd6 42. Qf3 Bc8 43. Nc6 Qb6 44. Re2 Rxe2+ 45. Qxe2 Bd7 46. Bg2 Qc5 47. Qd2 Kg7 48. h5 h6 49. hxg6 fxg6 50. Nd4 Qc4 51. Qe3 Kh7 52. Ne6 Qb3 53. Qxb3 axb3 54. Bf1 Be5 55. Nf8+ 1-0

[Event "AUT-chT 1314"]
[Site "Austria"]
[Date "2013.12.08"]
[Round "3.5"]
[White "Dzierzenga, Stefan"]
[Black "Novak, Pavel"]
[Result "1/2-1/2"]
[WhiteElo "2178"]
[BlackElo "2349"]
[PlyCount "102"]
[EventDate "2013.12.06"]
[EventType "team-tourn"]
[EventRounds "11"]
[EventCountry "AUT"]
[SourceTitle "CBM 157 Extra"]
[Source "ChessBase"]
[SourceDate "2013.12.19"]
[SourceVersion "1"]
[SourceVersionDate "2013.12.19"]
[SourceQuality "1"]
[WhiteTeam "Baden Invest"]
[BlackTeam "Raika Feffernitz"]
[WhiteTeamCountry "AUT"]
[BlackTeamCountry "AUT"]

1. e4 c5 2. b3 d6 3. Bb2 Nf6 4. Nc3 e6 5. Nf3 Nc6 6. d4 cxd4 7. Nxd4 Be7 8. Be2 0-0 9. 0-0 e5 10. Nf3 h6 11. Nd2 Nd4 12. Bc4 Bg4 13. f3 Be6 14. Bd3 Rc8 15. Ne2 Nxe2+ 16. Qxe2 b5 17. c4 b4 18. a3 a5 19. axb4 axb4 20. Ra4 Rb8 21. Rfa1 Nd7 22. Bc2 Nc5 23. Ra7 Bg5 24. Nf1 Qb6 25. Kh1 h5 26. Qd1 Bc8 27. R7a2 Ne6 28. Bc1 Bxc1 29. Qxc1 Nd4 30. Qd2 h4 31. Ne3 Be6 32. h3 Qd8 33. Nf1 Qf6 34. Bd1 Qg6 35. Ra6 f5 36. exf5 Bxf5 37. c5 Rf6 38. cxd6 Rxd6 39. Rxd6 Qxd6 40. Ne3 Be6 41. Ng4 Rd8 42. Qg5 Bxg4 43. Qxg4 Qf6 44. Qe4 Qf4 45. Qg6 Qd2 46. Kh2 Qf4+ 47. Kh1 Qg3 48. Qe4 Qf4 49. Qg6 Qg3 50. Qe4 Qf4 51. Qg6 Qg3 1/2-1/2

[Event "CZE-chT2A 1213"]
[Site "Czech Republic"]
[Date "2013.01.20"]
[Round "7.2"]
[White "Novak, Pavel"]
[Black "Toman, Jaroslav"]
[Result "1/2-1/2"]
[WhiteElo "2342"]
[BlackElo "2219"]
[PlyCount "74"]
[EventDate "2012.10.14"]
[EventType "team-tourn"]
[EventRounds "11"]
[EventCountry "CZE"]
[SourceTitle "EXT 2015"]
[Source "ChessBase"]
[SourceDate "2014.11.20"]
[SourceVersion "1"]
[SourceVersionDate "2014.11.20"]
[SourceQuality "1"]
[WhiteTeam "Kozolupy"]
[BlackTeam "Tachov"]
[WhiteTeamCountry "CZE"]
[BlackTeamCountry "CZE"]

1. e4 c5 2. Nf3 Nc6 3. Bb5 g6 4. 0-0 Bg7 5. Re1 e5 6. c3 Nge7 7. d4 cxd4 8. cxd4 exd4 9. Bg5 0-0 10. e5 Qb6 11. Na3 d5 12. exd6 Nf5 13. Rc1 Nxd6 14. Bxc6 bxc6 15. Be7 c5 16. Bxf8 Bxf8 17. Qc2 Bf5 18. Qxc5 Qxb2 19. Nc4 Nxc4 20. Qxc4 Rc8 21. Qxc8 Bxc8 22. Rxc8 Kg7 23. Rd1 d3 24. h3 Qxa2 25. Rd8 Bc5 26. Rd2 Qb1+ 27. Kh2 Bxf2 28. R8xd3 Qb8+ 29. Kh1 Bg3 30. Rd7 h6 31. Rd1 Qb3 32. R1d3 Qb1+ 33. Rd1 Qb3 34. R1d3 Qb5 35. Rd1 a5 36. Ra7 Bf2 37. Re7 Kf8 1/2-1/2

[Event "CZE-chT2A 1213"]
[Site "Czech Republic"]
[Date "2012.12.16"]
[Round "5.2"]
[White "Novak, Pavel"]
[Black "Kamenik, Martin"]
[Result "1-0"]
[WhiteElo "2342"]
[BlackElo "2044"]
[PlyCount "63"]
[EventDate "2012.10.14"]
[EventType "team-tourn"]
[EventRounds "11"]
[EventCountry "CZE"]
[SourceTitle "EXT 2015"]
[Source "ChessBase"]
[SourceDate "2014.11.20"]
[SourceVersion "1"]
[SourceVersionDate "2014.11.20"]
[SourceQuality "1"]
[WhiteTeam "Kozolupy"]
[BlackTeam "Most Chess II"]
[WhiteTeamCountry "CZE"]
[BlackTeamCountry "CZE"]

1. e4 d6 2. d4 g6 3. Nc3 Bg7 4. Be3 Nc6 5. d5 Nb8 6. f4 e5 7. fxe5 dxe5 8. Qd2 a6 9. Nf3 b5 10. 0-0-0 Qd6 11. Bd3 Bg4 12. Rdf1 Bxf3 13. Rxf3 f6 14. g4 h6 15. Qf2 Kf7 16. Bc5 Qd8 17. d6 cxd6 18. Rd1 Bf8 19. Bb6 Qc8 20. Nd5 Nd7 21. Rf1 Be7 22. h4 Nc5 23. g5 hxg5 24. hxg5 Nxd3+ 25. Rxd3 f5 26. exf5 Bxg5+ 27. Kb1 gxf5 28. Rc3 Qe6 29. Nc7 Qc8 30. Nxa8 Qxa8 31. Qxf5+ Bf6 32. Rc7+ 1-0

[Event "CZE-chT1W 1112"]
[Site "Czech Republic"]
[Date "2012.02.12"]
[Round "8.3"]
[White "Novak, Pavel"]
[Black "Kucera, Petr1111"]
[Result "1/2-1/2"]
[WhiteElo "2370"]
[BlackElo "2158"]
[PlyCount "84"]
[EventDate "2011.10.02"]
[EventType "team-tourn"]
[EventRounds "11"]
[EventCountry "CZE"]
[SourceTitle "EXT 2013"]
[Source "ChessBase"]
[SourceDate "2012.11.22"]
[SourceVersion "1"]
[SourceVersionDate "2012.11.22"]
[SourceQuality "1"]
[WhiteTeam "Kozolupy"]
[BlackTeam "Novoborsky II"]
[WhiteTeamCountry "CZE"]
[BlackTeamCountry "CZE"]

1. e4 e6 2. d4 d5 3. Nc3 Nf6 4. Bg5 Bb4 5. exd5 Qxd5 6. Bxf6 gxf6 7. Qd3 Nc6 8. 0-0-0 Bxc3 9. Qxc3 Bd7 10. Nf3 0-0-0 11. Bc4 Qa5 12. Qe3 Nb4 13. Kb1 Rhg8 14. a3 Nd5 15. Bxd5 Qxd5 16. g3 Bc6 17. Rd3 Rg4 18. Rhd1 Re4 19. Qh6 Re2 20. R1d2 Rxd2 21. Qxd2 Qf5 22. Qe3 Qh3 23. Ka2 Bd5+ 24. b3 h5 25. Kb2 Qg4 26. Nh4 f5 27. f3 Qg7 28. Qe5 Qg5 29. Ng2 b6 30. Rc3 Rd7 31. Nf4 Bb7 32. Rd3 h4 33. Qh8+ Rd8 34. Qxh4 Qxh4 35. gxh4 Rh8 36. h5 Kd7 37. Kc3 Kd6 38. Kd2 Bc6 39. Ke3 Be8 40. c4 f6 41. Rd2 Bxh5 42. Rg2 Rh7 1/2-1/2

[Event "AUT-chT 1112"]
[Site "Austria"]
[Date "2012.01.22"]
[Round "3.4"]
[White "Novak, Pavel"]
[Black "Shengelia, Davit"]
[Result "0-1"]
[WhiteElo "2370"]
[BlackElo "2558"]
[PlyCount "110"]
[EventDate "2012.01.20"]
[EventType "team-tourn"]
[EventRounds "11"]
[EventCountry "AUT"]
[SourceTitle "CBM 146 Extra"]
[Source "ChessBase"]
[SourceDate "2012.02.29"]
[SourceVersion "1"]
[SourceVersionDate "2012.02.29"]
[SourceQuality "1"]
[WhiteTeam "Raika Feffernitz"]
[BlackTeam "Baden"]
[WhiteTeamCountry "AUT"]
[BlackTeamCountry "AUT"]

1. e4 c5 2. Nf3 e6 3. c3 Nf6 4. e5 Nd5 5. d4 cxd4 6. cxd4 b6 7. Nc3 Nxc3 8. bxc3 Qc7 9. Bd2 Bb7 10. Bd3 d6 11. 0-0 Nd7 12. Ng5 dxe5 13. Qh5 g6 14. Qh3 Be7 15. Rfe1 Bxg5 16. Bxg5 f5 17. Bb5 Bc6 18. Bxc6 Qxc6 19. Qh6 Kf7 20. dxe5 Rac8 21. Rad1 Rc7 22. h4 Qc5 23. Rd6 Nxe5 24. Red1 Qxd6 25. Rxd6 Ng4 26. Rd8 Nxh6 27. Rxh8 Kg7 28. Re8 Ng8 29. Rxe6 Rxc3 30. Bf4 Rc4 31. g3 Ra4 32. Rc6 Re4 33. Bg5 h6 34. Rc7+ Kh8 35. Bd2 Re7 36. Rxe7 Nxe7 37. Bxh6 Nd5 38. Bd2 Kg7 39. Kf1 Kf6 40. Ke2 Ke6 41. Kd3 Nf6 42. Kc4 Ng4 43. Be1 Ne5+ 44. Kc3 Kd5 45. Bd2 Ng4 46. Be1 Ke4 47. Kc4 Kf3 48. Kb5 Nxf2 49. Ka6 Nd3 50. Bd2 Kxg3 51. Kxa7 b5 52. Kb6 b4 53. Kb5 f4 54. Kc4 f3 55. Be3 Nc1 0-1

[Event "AUT-chT2M 1011"]
[Site "Austria"]
[Date "2011.03.13"]
[Round "8.4"]
[White "Novak, Pavel"]
[Black "Petschar, Kurt"]
[Result "1/2-1/2"]
[WhiteElo "2381"]
[BlackElo "2304"]
[PlyCount "111"]
[EventDate "2010.10.16"]
[EventType "team-tourn"]
[EventRounds "11"]
[EventCountry "AUT"]
[SourceTitle "EXT 2012"]
[Source "ChessBase"]
[SourceDate "2011.11.24"]
[SourceVersion "1"]
[SourceVersionDate "2011.11.24"]
[SourceQuality "1"]
[WhiteTeam "Raika Feffernitz"]
[BlackTeam "Klagenfurt"]
[WhiteTeamCountry "AUT"]
[BlackTeamCountry "AUT"]

1. e4 e5 2. Nf3 Nc6 3. d4 exd4 4. Nxd4 Nf6 5. Nc3 Bb4 6. Nxc6 bxc6 7. Bd3 0-0 8. 0-0 d5 9. exd5 cxd5 10. Bg5 c6 11. Na4 h6 12. Bh4 Be6 13. Rc1 Be7 14. c4 d4 15. Qf3 Qa5 16. b3 Rad8 17. h3 Rfe8 18. Rfe1 Bb4 19. Re2 Qh5 20. Qf4 Nd7 21. Bg3 c5 22. Qe4 Nf6 23. Qb7 Bf5 24. Re5 Rxe5 25. Bxe5 Re8 26. Bxf5 Qxf5 27. Bxf6 gxf6 28. Rf1 a5 29. Nb6 d3 30. Nd5 Kg7 31. Ne3 Qe4 32. Qxe4 Rxe4 33. Rd1 d2 34. Kf1 h5 35. Ke2 f5 36. a3 Bxa3 37. Kxd2 f4 38. Nd5 f3 39. gxf3 Rd4+ 40. Ke2 Rxd1 41. Kxd1 Kg6 42. Nf4+ Kg5 43. Ng2 Bb2 44. Ke2 Bd4 45. f4+ Kf5 46. Kf3 Ke6 47. Ne3 f5 48. Nd5 Kf7 49. Ke2 Kg6 50. f3 Kf7 51. Kd2 Bb2 52. Nc7 Ba3 53. Nb5 Bb4+ 54. Kd3 Ke6 55. Nc7+ Kf7 56. Nd5 1/2-1/2

[Event "Tabor op"]
[Site "Tabor"]
[Date "2010.08.05"]
[Round "6"]
[White "Novak, Pavel"]
[Black "Shikhta, Rodion"]
[Result "1-0"]
[WhiteElo "1934"]
[BlackElo "1585"]
[PlyCount "49"]
[EventDate "2010.08.01"]
[EventType "swiss"]
[EventRounds "9"]
[EventCountry "CZE"]
[SourceTitle "EXT 2012"]
[Source "ChessBase"]
[SourceDate "2011.11.24"]
[SourceVersion "1"]
[SourceVersionDate "2011.11.24"]
[SourceQuality "1"]

1. d4 d5 2. c4 e6 3. Nc3 Nf6 4. Bg5 Nbd7 5. e3 Be7 6. Bd3 0-0 7. Nf3 dxc4 8. Bxc4 c5 9. 0-0 b6 10. Qb3 Bb7 11. Rfd1 Ne4 12. Bf4 Kh8 13. d5 Nxc3 14. bxc3 exd5 15. Bxd5 Bxd5 16. Rxd5 Qc8 17. Rad1 Nf6 18. R5d2 Ne4 19. Rd7 Bf6 20. Be5 Bxe5 21. Nxe5 f6 22. Nf7+ Kg8 23. Nh6+ Kh8 24. Qg8+ Rxg8 25. Nf7# 1-0

[Event "Tabor op"]
[Site "Tabor"]
[Date "2010.08.01"]
[Round "1"]
[White "Hausner, Ivan"]
[Black "Novak, Pavel"]
[Result "1-0"]
[WhiteElo "2451"]
[BlackElo "1934"]
[PlyCount "69"]
[EventDate "2010.08.01"]
[EventType "swiss"]
[EventRounds "9"]
[EventCountry "CZE"]
[SourceTitle "EXT 2012"]
[Source "ChessBase"]
[SourceDate "2011.11.24"]
[SourceVersion "1"]
[SourceVersionDate "2011.11.24"]
[SourceQuality "1"]

1. c4 e5 2. Nc3 Nc6 3. Nf3 d6 4. d4 exd4 5. Nxd4 Ne5 6. f4 Ng6 7. g3 Nf6 8. Bg2 Rb8 9. Qa4+ Bd7 10. Qxa7 c6 11. Nb3 Be7 12. Be3 0-0 13. Qb6 Qc8 14. h3 Re8 15. Qd4 c5 16. Qd2 b5 17. Nxb5 Bxb5 18. cxb5 Rxb5 19. 0-0 Bf8 20. Kh2 Rb8 21. Bg1 Qa6 22. e3 h6 23. Qc2 Qb5 24. Rfd1 Ne7 25. Rxd6 c4 26. Nd4 Qxb2 27. Rc1 Rec8 28. Qxb2 Rxb2 29. Rc2 Rxc2 30. Nxc2 Nf5 31. Rc6 Ra8 32. Rxf6 Rxa2 33. Rxf5 Rxc2 34. e4 Re2 35. Bc5 1-0

[Event "Litomysl op 11th"]
[Site "Litomysl"]
[Date "2009.12.30"]
[Round "6"]
[White "Ponizil, Cyril"]
[Black "Novak, Pavel"]
[Result "1/2-1/2"]
[WhiteElo "2304"]
[BlackElo "2377"]
[PlyCount "41"]
[EventDate "2009.12.26"]
[EventType "swiss"]
[EventRounds "9"]
[EventCountry "CZE"]
[SourceTitle "CBM 134 Extra"]
[Source "ChessBase"]
[SourceDate "2010.03.03"]
[SourceVersion "1"]
[SourceVersionDate "2010.03.03"]
[SourceQuality "1"]

1. e4 c5 2. Nf3 Nc6 3. Bb5 g6 4. Bxc6 bxc6 5. 0-0 Bg7 6. Re1 e5 7. c3 Ne7 8. d4 cxd4 9. cxd4 exd4 10. Nxd4 0-0 11. Nc3 Rb8 12. Nb3 d5 13. Bg5 d4 14. Ne2 c5 15. Rc1 d3 16. Nc3 c4 17. Bxe7 Qxe7 18. Nd5 Qe5 19. Rxc4 Qxb2 20. Ra4 Bd7 21. Rxa7 1/2-1/2

[Event "Feffernitz Raika op 18th"]
[Site "Feffernitz"]
[Date "2009.08.23"]
[Round "9"]
[White "Novak, Pavel"]
[Black "Mazi, Leon"]
[Result "1-0"]
[WhiteElo "1973"]
[BlackElo "2362"]
[PlyCount "81"]
[EventDate "2009.08.16"]
[EventType "swiss"]
[EventRounds "9"]
[EventCountry "AUT"]
[SourceTitle "CBM 131 Extra"]
[Source "ChessBase"]
[SourceDate "2009.09.03"]
[SourceVersion "2"]
[SourceVersionDate "2009.09.16"]
[SourceQuality "1"]

1. e4 c5 2. Nf3 d6 3. d4 cxd4 4. Nxd4 Nf6 5. Nc3 a6 6. Bc4 e6 7. Bb3 b5 8. 0-0 Be7 9. f4 0-0 10. e5 dxe5 11. fxe5 Bc5 12. Be3 Nfd7 13. Qh5 g6 14. Qh6 Qc7 15. Ne4 Qxe5 16. Nxc5 Nxc5 17. Nf3 Qc7 18. Ng5 f6 19. Nxh7 Qxh7 20. Qxh7+ Kxh7 21. Bxc5 Rf7 22. Rae1 Rc7 23. Bd4 e5 24. Bb6 Rg7 25. Bd8 Nd7 26. Re3 g5 27. Bxf6 Nxf6 28. Rxf6 Re7 29. Rd3 Bd7 30. Rdd6 Be8 31. Bd5 Rc8 32. Rh6+ Kg7 33. Be4 Bf7 34. Rh7+ Kg8 35. Rdh6 Rc4 36. Bf5 e4 37. Rxa6 Rc5 38. Ra8+ Re8 39. Rxe8+ Bxe8 40. Bxe4 Rc4 41. Bd3 1-0